000 01028nam a22003377a 4500
003 CHAP
005 20250523113051.0
008 100331s1993 mx a r 00010 spa d
010 _a97959
011 _a98931
020 _a9688842516
035 _a109616
040 _cCHAP
090 _aFolleto 17631
100 1 0 _aRodríguez Canto, Adolfo
_998359
245 1 3 _aEl cultivo de pitahaya en Yucatan
_c/por Adolfo Rodríguez Canto
260 _aMaxcanú, Yuc. :
_bUACH,
_c1993
300 _a53 p. :
_bilus., cuadros
590 _aBATCH-UPD
_b10
_c20130110
_lUCH01
_h0946
590 _aBATCH-UPD
_b10
_c20130410
_lUCH01
_h0601
590 _aBATCH-UPD
_b10
_c20130914
_lUCH01
_h1627
590 _aCONVERSION
_b10
_c20130109
_lUCH01
_h1354
650 1 4 _aHylocereus undatus.
_957088
650 1 4 _aSelenicereus.
_9103789
650 1 4 _aStenocereus undatus.
_9109648
650 1 4 _aStenocereus.
_9109642
901 _aBK
911 _aen proceso
942 _cFOLL
949 _aFolleto 17631
_bBC
_cUACH
_d33724002163728
_eTS1
_i109616
_st
999 _c97959
_d97959